000 00478nam a2200193Ia 4500
008 131103s9999 xx 000 0 und d
020 _a330335685
040 _aLoreto College
041 _aEnglish
082 _aF/FRA
_bLCBED/11568
100 _aFrancis, Dick
245 _aDecider
_cDick Francis
260 _aLondon
_bPan books
_c1993
300 _a278p.
_c 18 cm.
650 _aEnglish fiction
651 _aEnglish literature
850 _aLCBED/F/FRA
942 _cBK
999 _c32368
_d82847